00510pam a2200181 a 4500001000800000005001700008008004100025010001700066020003900083040001800122041000800140080001700148082002100165100000700186101000800193245009700201504003000298144382620180112035225.0851118s1986 nyu b 001 0 eng  a 85029434  a0471816639 (pbk.) :c$15.95 (est.) aDLCcDLCdDLC aeng a616.8909 OLT00a616.8909 OLT2191 a48 aPSI10aCase studies in abnormal psychology /cThomas F. Oltmanns, John M. Neale, Gerald C. Davison. aBibliography: p. 334-355.